000 00656nam a22002177a 4500
003 BUBTL
008 221117b ||||| |||| 00| 0 eng d
020 _a9847002006835
082 _a822.3/ K982s/ 2020
100 _94912
_aKyd, Thomas
245 _aThe Spanish Tragedy/
_cThomas Kyd
250 _a1st Edn.
260 _aDhaka:
_bFriends' Book Corner,
_cc2020
300 _axlv, 191, p.:
_c19 cm
440 _94221
_aFriends' Classics
505 _aThe Spanish Tragedy, Thomas Kyd, Friends' Classics
650 0 _91994
_aEnglish Literature
856 _k0
_l0
_yDownload
942 _2ddc
_cBK
999 _c6799
_d6799